The Golden Quiz Stats

 Plays Quiz Updated Jan 24, 2020

     
Support Sporcle.
Go Orange.
Score 0/20 Timer 06:00
0 Plays Today
Hint Answer % Correct
The Hollywood Foreign Press Association holds this award show annuallyGolden Globes
92.2%
'Treat others as you would want to be treated'Golden Rule
92.1%
AKC dog breed that can assist in hunting or as a guide dogGolden Retriever
90.4%
Five children got to visit Willy Wonka's chocolate factory thanks to finding this inside their Wonka barsGolden Ticket
89.1%
McDonald's logoGolden Arches
89%
Despite its name, the official color of this bridge is 'International Orange'Golden Gate Bridge
88%
All four lead actresses in this 1980s sitcom won an Emmy for their performancesThe Golden Girls
86.6%
Time of life after retirementGolden years
83.5%
1995 James Bond filmGoldenEye
82.5%
Bird of prey found in the Northern HemisphereGolden Eagle
69.8%
Hint Answer % Correct
NBA team in San Francisco, CA (full name)Golden State Warriors
54.3%
Treasure sought by Jason and the ArgonautsGolden Fleece
54.1%
1974 James Bond filmMan with the Golden Gun
48.6%
Henry Fonda and Katharine Hepburn both won an Oscar for this film although neither of them were present at the ceremony to accept the awardOn Golden Pond
48.3%
Award presented to the top goalscorer in a football tournamentGolden Boot
46.2%
Benefit offered to a company executive upon terminationGolden parachute
45.5%
When the Israelites were waiting for Moses on Mt. Sinai, they convinced Aaron to create this idolGolden calf
45.1%
University of Minnesota nicknameGolden Gophers
43.3%
This number, approximately 1.618, appears frequently in geometry and architectureGolden ratio
41.1%
First book of Philip Pullman's His Dark Materials trilogy, originally published as Northern LightsThe Golden Compass
33.2%

From the Vault

Katy Perry or Lady Gaga?

by hjckr

Music 2m
Why choose when you can listen to both?
Remove Ads.
Support Sporcle.
Get the best of Sporcle when you Go Orange. This ad-free experience offers more features, more stats, and more fun while also helping to support Sporcle. Thank you for becoming a member.

Show Comments

Extras

Top Quizzes Today


Score Distribution

Your Account Isn't Verified!

In order to create a playlist on Sporcle, you need to verify the email address you used during registration. Go to your Sporcle Settings to finish the process.

Report this User

Report this user for behavior that violates our Community Guidelines.

Details: